00376 2200121 4500001002100000005001500021035002400036090001700060245009100077260004200168300002600210990001800236YOGYA00000000002725920140823023950 0010-081400000026977 a801.95 Ker W aThe Wisdom of Harry Potter: Pelajaran Moral dari Pahlawan Favorit KitacKern, Edmund M aJakartabGramedia Pustaka Utamac2006 axiii. 307 hlm.b21 cm a30816-PD/B.07